|
|
|
|
| LEADER |
00796cam a2200229 7i4500 |
| 001 |
0000027955 |
| 005 |
20200519090000.0 |
| 008 |
090622 eng |
| 020 |
|
|
|a 9781405161213 (pbk.)
|
| 090 |
0 |
0 |
|a RA440.85
|b .H56 2008
|
| 100 |
1 |
|
|a Holloway, Immy
|
| 245 |
1 |
0 |
|a A-Z of qualitative research in healthcare
|c Immy Holloway.
|
| 250 |
|
|
|a 2nd ed.
|
| 260 |
|
|
|a Chichester, UK:
|b Wiley-Blackwell Pub.,
|c 2008.
|
| 300 |
|
|
|a x, 256 p.;
|c 24 cm.
|
| 504 |
|
|
|a Includes bibliographical references
|
| 650 |
0 |
0 |
|a Medical care --
|x Research
|
| 650 |
0 |
0 |
|a Human services --
|x Research
|
| 997 |
|
|
|a Health Sciences, Faculty
|
| 998 |
|
|
|a Medical Laboratory Technology, Degree
|
| 998 |
|
|
|a Medical Laboratory Technology, Diploma
|
| 999 |
|
|
|a 0000036725
|b BOK
|c OPEN SHELF
|e 1st Floor, Shah Alam
|